000 00945cab a2200253 4500
001 X2974
008 090401t1995 xxu||||| |||| 00| 0 eng d
035 _a(Sirsi) u27611
041 _aeng
245 _aRICS General council 1994/1995
260 _c1995
350 _a0
490 _aCSM (Chartered Surveyor Monthly)
_v4(9) July/August 1995, 60(1)
520 _aLooks at the agenda and debate of the RICS General council meeting held July 1995. Issues discussed were: review of the `rules of conduct`; the new RICS `Appraisal and valuation manual`; subscription level; and proposals for the reform of the APC.
650 _aAPPRAISAL AND VALUATION MANUAL
650 _aAPC
_96216
650 _aGENERAL COUNCIL
650 _aRICS APPRAISAL AND VALUATION MANUAL
650 _aRICS RULES OF CONDUCT
650 _aSUBSCRIPTIONS
690 _aMANAGEMENT-BUSINESS MANAGEMENT-PROFESSIONAL PRACTICE
942 _n0
948 _c04/03/1997
999 _c18591
_d18591